000 00753nam a2200265Ia 4500
003 OSt
005 20220918183926.0
006 a|||||r|||| 00| 0
007 ta
008 220917b |||||||| |||| 00| 0 eng d
024 _a42,435
037 _cTextual
040 _aARTS
_cARTS
_beng
041 _2eng
_aeng
082 _aO1511,1C57,1, 111M1
100 _aBuddharakkhita
_963929
245 0 _aJinalankara or Embellishment of Buddha
260 _aLondon
_bPali Text Society
_c1981
300 _a112p.
_ccm.
490 _aSacred Books of the Buddhist
500 _aAppendixes (A-D0 (69-80)
650 _aENGLISH LITERATURE
942 _hO1511,1C57,1, 111M1
_cTEXL
_2CC
999 _c174319
_d174319